[Event "AUTO-MASTER-2091"]
[Site "http://www.queenalice.com/game.php?id=1283384"]
[Date "2014.5.22"]
[Round "1"]
[White "falekhine"]
[Black "Hagel"]
[Result "0-1"]
[WhiteElo "2048"]
[BlackElo "2196"]

1. d4 d5 2. c4 dxc4 3. e4 e5 4. d5 c6 5. Bxc4 Nf6 6. Bg5 Qb6 7. Qc2 Bb4+ 8. Bd2
Bc5 9. Nc3 Bxf2+ 10. Kf1 Bxg1 11. Rxg1 Ng4 12. Nd1 Nxh2+ 13. Ke2 Qxg1 14. Ne3
Qxa1 15. Bb4 Ng4 16. Nd1 Nf6 17. Qc3 Bg4+ 0-1

[Event "AUTO-MASTER-2091"]
[Site "http://www.queenalice.com/game.php?id=1283394"]
[Date "2014.5.22"]
[Round "1"]
[White "greggy"]
[Black "falekhine"]
[Result "1-0"]
[WhiteElo "2354"]
[BlackElo "2051"]

1. e4 c6 2. d4 d5 3. exd5 cxd5 4. c4 e6 5. Nc3 Nf6 6. Nf3 h6 7. c5 Bd7 8. b4 a5
9. b5 Qc8 10. Bd3 Bxc5 11. dxc5 Qxc5 12. Na4 Qd6 13. O-O O-O 14. Be3 Ng4 15. Bc5
1-0

[Event "AUTO-MASTER-2159"]
[Site "http://www.queenalice.com/game.php?id=1309727"]
[Date "2014.9.22"]
[Round "1"]
[White "giobetti"]
[Black "falekhine"]
[Result "1/2-1/2"]
[WhiteElo "1940"]
[BlackElo "2126"]

1. e4 c6 2. Nc3 d5 3. Nf3 dxe4 4. Nxe4 Nf6 5. Nxf6+ exf6 6. Bc4 Bg4 7. O-O Be7
8. d3 O-O 9. Re1 Bd6 10. h3 Bxf3 11. Qxf3 Nd7 12. Bf4 Ne5 13. Qe4 Nxc4 14. Qxc4
Bxf4 15. Qxf4 Re8 16. Re3 Qd7 17. Rae1 Rxe3 18. Qxe3 Kf8 19. Qe4 Re8 20. Qxe8+
Qxe8 21. Rxe8+ Kxe8 22. d4 h5 23. c4 a6 24. f3 h4 25. Kf2 g5 26. g4 hxg3+ 27.
Kxg3 f5 28. h4 gxh4+ 29. Kxh4 Ke7 30. Kg5 Ke6 31. Kf4 b6 32. a4 b5 1/2-1/2

[Event "AUTO-MASTER-2159"]
[Site "http://www.queenalice.com/game.php?id=1309728"]
[Date "2014.9.22"]
[Round "1"]
[White "falekhine"]
[Black "giobetti"]
[Result "1-0"]
[WhiteElo "2116"]
[BlackElo "1888"]

1. d4 d5 2. c4 Nc6 3. Nc3 Nf6 4. Nf3 dxc4 5. e4 Bg4 6. Be3 e6 7. Bxc4 Bb4 8. e5
Ne4 9. Rc1 O-O 10. Be2 Qe7 11. O-O Rfd8 12. Qc2 Nxc3 13. bxc3 Ba5 14. h3 Bh5 15.
Bg5 f6 16. exf6 gxf6 17. Bh6 Bg6 18. Bd3 Qf7 19. Rfe1 Re8 20. Qe2 e5 21. Bc4 Re6
22. dxe5 Rd8 23. Bxe6 Qxe6 24. exf6 Qxf6 25. Bg5 1-0

[Event "AUTO-MASTER-2159"]
[Site "http://www.queenalice.com/game.php?id=1309741"]
[Date "2014.9.22"]
[Round "1"]
[White "docb"]
[Black "falekhine"]
[Result "0-1"]
[WhiteElo "2043"]
[BlackElo "2097"]

1. e4 c6 2. d4 d5 3. exd5 cxd5 4. c4 Nf6 5. Nc3 a6 6. Bf4 e6 7. Nf3 dxc4 8. Bxc4
b5 9. Bb3 Bb7 10. O-O Be7 11. Rc1 O-O 12. Qe2 Nbd7 13. Rfe1 Re8 14. Nb1 Nb6 15.
Bc7 Bxf3 16. Qxf3 Qxd4 17. Red1 Qxb2 18. Bxb6 Qe5 19. Bd4 Qg5 20. Rc7 Rad8 21.
Bxf6 Rxd1+ 22. Qxd1 Bxf6 23. Qd7 Rf8 24. Nd2 h5 25. Ne4 Qe5 26. f3 Qa1+ 27. Kf2
Bd4+ 28. Kg3 Be5+ 29. Kh3 Qg1 30. Ng3 Bxc7 31. Qxc7 Qd4 32. Nxh5 g6 33. Nf4 g5
34. g3 gxf4 35. gxf4 Kg7 36. Qe5+ Qxe5 37. fxe5 a5 38. Bc2 Rc8 39. Be4 Rc5 40.
f4 Rc4 41. Bf3 Rxf4 42. Kg3 Rf5 0-1

[Event "AUTO-MASTER-2159"]
[Site "http://www.queenalice.com/game.php?id=1309742"]
[Date "2014.9.22"]
[Round "1"]
[White "falekhine"]
[Black "docb"]
[Result "1-0"]
[WhiteElo "2083"]
[BlackElo "2041"]

1. d4 d5 2. c4 e6 3. Nc3 Nf6 4. Bf4 a6 5. e3 Nbd7 6. Nf3 dxc4 7. Bxc4 b5 8. Bd3
Bb7 9. a3 c5 10. dxc5 Nxc5 11. Be2 Be7 12. b4 Nce4 13. Nxe4 Nxe4 14. O-O g5 15.
Bg3 h5 16. Be5 f6 17. Bb2 Bd5 18. Nd4 Rc8 19. Rc1 g4 20. f3 gxf3 21. Bxf3 h4 22.
Nxe6 Qd7 23. Bh5+ 1-0

[Event "AUTO-MASTER-2159"]
[Site "http://www.queenalice.com/game.php?id=1309749"]
[Date "2014.9.22"]
[Round "1"]
[White "JailtonMaster"]
[Black "falekhine"]
[Result "0-1"]
[WhiteElo "1982"]
[BlackElo "2120"]

1. d4 c5 2. dxc5 e6 3. e4 Bxc5 4. Nf3 Nc6 5. Bc4 Nge7 6. Nc3 a6 7. a4 Ng6 8. O-O
O-O 9. Be3 Bxe3 10. fxe3 Qc7 11. Bb3 b6 12. Qe2 Bb7 13. Nd4 Qe5 14. Nf3 Qh5 15.
Rad1 Nce5 16. Nxe5 Qxe2 17. Nxe2 Nxe5 18. Rd6 b5 19. Rb6 Bxe4 20. axb5 axb5 21.
Rxb5 d5 22. Nd4 h5 23. Rc1 Ng4 24. Re1 Rfc8 25. h3 Nf6 26. Rc1 Nd7 27. c4 dxc4
28. Bxc4 Nf6 29. b3 Ra2 30. Nxe6 Rxc4 31. bxc4 Rxg2+ 32. Kf1 fxe6 33. Re5 Rh2
34. Rc3 Rxh3 35. Rxe6 Kf7 36. Ra6 g5 37. Rb3 g4 38. Rbb6 Rf3+ 39. Kg1 h4 40. c5
g3 41. c6 h3 42. c7 h2+ 0-1

[Event "AUTO-MASTER-2159"]
[Site "http://www.queenalice.com/game.php?id=1309750"]
[Date "2014.9.22"]
[Round "1"]
[White "falekhine"]
[Black "JailtonMaster"]
[Result "1-0"]
[WhiteElo "2108"]
[BlackElo "1990"]

1. d4 d5 2. c4 c6 3. Nc3 Nf6 4. e3 Bf5 5. Nf3 dxc4 6. Bxc4 e6 7. h3 Nbd7 8. O-O
Be7 9. Nh4 Bg6 10. Nxg6 hxg6 11. Qb3 Qc7 12. Bd2 O-O-O 13. Rac1 Nb6 14. Be2 a6
15. Bf3 Nbd5 16. Nxd5 exd5 17. Rc2 Bd6 18. Rfc1 Qd7 19. Ba5 Rde8 20. Qb6 Bc7 21.
Rxc6 1-0

[Event "Challenge"]
[Site "http://www.queenalice.com/game.php?id=1317051"]
[Date "2014.10.21"]
[Round "-"]
[White "Edmorf"]
[Black "falekhine"]
[Result "0-1"]
[WhiteElo "1903"]
[BlackElo "2121"]

1. d4 c5 2. c3 e6 3. d5 exd5 4. Qxd5 d6 5. e3 Nf6 6. Bb5+ Nbd7 7. Qf3 Be7 8. Ne2
O-O 9. O-O Ne5 10. Qg3 a6 11. Ba4 b5 12. Bc2 Bb7 13. f3 Ng6 14. e4 Nd7 15. Qe1
Qc7 16. Bd2 Rae8 17. Kh1 Bh4 18. Qd1 d5 19. b3 dxe4 20. fxe4 Nf6 21. c4 Bxe4 22.
Nbc3 Bc6 23. Rg1 Ng4 24. Ng3 Nf2# 0-1

[Event "AUTO-MASTER-2187"]
[Site "http://www.queenalice.com/game.php?id=1320791"]
[Date "2014.11.7"]
[Round "1"]
[White "WilsonFerreira"]
[Black "falekhine"]
[Result "1-0"]
[WhiteElo "2047"]
[BlackElo "2136"]

1. e4 c6 2. d4 d5 3. e5 Bf5 4. Bd3 Bxd3 5. Qxd3 e6 6. Ne2 c5 7. Qb5+ Qd7 8. Nbc3
cxd4 9. Nxd4 Nc6 10. Nxc6 bxc6 11. Qa6 Bb4 12. Bd2 Ne7 13. O-O O-O 14. a3 Bc5
15. Na4 Bd4 16. Bb4 Rfe8 17. Bd6 Ng6 18. Rfe1 f6 19. c3 Bxe5 20. Bxe5 Nxe5 21.
f4 Nc4 22. Nc5 Qd6 23. b4 e5 24. Rad1 Qc7 25. fxe5 fxe5 26. Rd3 e4 27. Rg3 Re7
28. Nxe4 Rxe4 29. Rxe4 dxe4 30. Qxc4+ Kh8 31. Qxe4 Rf8 32. Rf3 Rxf3 33. Qe8+ 1-0

[Event "AUTO-MASTER-2187"]
[Site "http://www.queenalice.com/game.php?id=1320792"]
[Date "2014.11.7"]
[Round "1"]
[White "falekhine"]
[Black "WilsonFerreira"]
[Result "0-1"]
[WhiteElo "2121"]
[BlackElo "2151"]

1. d4 Nf6 2. c4 d5 3. Nc3 c6 4. Bg5 g6 5. Bxf6 exf6 6. cxd5 cxd5 7. e3 Bg7 8.
Nf3 O-O 9. Bd3 Bg4 10. h3 Be6 11. Rc1 Nc6 12. a3 f5 13. O-O a6 14. Na4 Rc8 15.
Nc5 Qe7 16. Qe2 f4 17. Rfe1 Rfe8 18. Nd2 fxe3 19. fxe3 Qg5 20. Nxe6 Rxe6 21. Nf3
Qg3 22. Qf2 Qxf2+ 23. Kxf2 Rce8 24. g4 Bf6 25. b4 Bd8 26. b5 Na5 27. bxa6 bxa6
28. Bxa6 Rxa6 29. Rc5 Nc4 30. Rxd5 Rxa3 31. e4 Ba5 32. Re2 Rb8 33. h4 Rb2 34.
Rxb2 Nxb2 35. Rb5 Nd3+ 36. Ke2 Nf4+ 37. Kf2 Ne6 38. d5 Rxf3+ 39. Kg2 Bc7 40.
dxe6 Rg3+ 41. Kf2 fxe6 42. Rb7 Bf4 0-1

[Event "AUTO-MASTER-2187"]
[Site "http://www.queenalice.com/game.php?id=1320809"]
[Date "2014.11.7"]
[Round "1"]
[White "falekhine"]
[Black "heriksoares1"]
[Result "1-0"]
[WhiteElo "2110"]
[BlackElo "1989"]

1. d4 d5 2. c4 e6 3. Nc3 Nf6 4. Bg5 Be7 5. e3 O-O 6. Nf3 Nbd7 7. Bd3 dxc4 8.
Bxc4 b6 9. O-O Bb7 10. Rc1 c5 11. dxc5 Nxc5 12. Be2 h6 13. Bh4 Nd5 14. Bxe7 Qxe7
15. Nxd5 Bxd5 16. b4 Rfd8 17. Qc2 1-0

[Event "AUTO-MASTER-2187"]
[Site "http://www.queenalice.com/game.php?id=1320810"]
[Date "2014.11.7"]
[Round "1"]
[White "heriksoares1"]
[Black "falekhine"]
[Result "0-1"]
[WhiteElo "1978"]
[BlackElo "2118"]

1. b3 c5 2. Bb2 b6 3. e3 Bb7 4. f4 e6 5. Nf3 Nf6 6. Be2 Be7 7. O-O O-O 8. d3 Nd5
9. Qd2 Bf6 10. Nc3 Nxc3 11. Bxc3 Bxc3 12. Qxc3 d6 13. Rae1 Nd7 14. Nd2 f5 15.
Bf3 Bxf3 16. Nxf3 Qf6 17. Qc4 h6 18. a4 Kh7 0-1

[Event "AUTO-MASTER-2187"]
[Site "http://www.queenalice.com/game.php?id=1320811"]
[Date "2014.11.7"]
[Round "1"]
[White "falekhine"]
[Black "erig1969"]
[Result "1-0"]
[WhiteElo "2128"]
[BlackElo "2048"]

1. d4 d5 2. c4 c6 3. Nc3 Nf6 4. e3 Bf5 5. Nf3 h6 6. a4 Na6 7. cxd5 cxd5 8. Bxa6
bxa6 9. Qe2 a5 10. Ne5 e6 11. O-O Bd6 12. Qb5+ Nd7 13. Nxd7 Qxd7 14. Qxd7+ Kxd7
15. Bd2 Bd3 16. Rfc1 Bb4 17. Be1 Ke7 18. Na2 Rab8 19. Bxb4+ axb4 20. Rc7+ Kf6
21. Nc1 Bc2 22. Rxc2 a5 23. b3 Rhc8 24. Raa2 Rc3 25. Rxc3 bxc3 26. Rc2 Rc8 27.
Ne2 Rb8 28. Rxc3 Rb4 29. Nc1 Rb7 30. Rc5 Ra7 31. Nd3 Rb7 32. Rb5 Ra7 33. Nc5 h5
34. Nb7 g5 35. Nxa5 Rc7 36. Rc5 1-0

[Event "AUTO-MASTER-2187"]
[Site "http://www.queenalice.com/game.php?id=1320812"]
[Date "2014.11.7"]
[Round "1"]
[White "erig1969"]
[Black "falekhine"]
[Result "0-1"]
[WhiteElo "2035"]
[BlackElo "2138"]

1. d4 c5 2. d5 e6 3. dxe6 fxe6 4. g3 Nf6 5. Bg5 Be7 6. Bg2 d5 7. Nf3 Nc6 8. O-O
O-O 9. e3 Bd7 10. Re1 Qc7 11. Nc3 a6 12. a3 Rad8 13. Ne2 b5 14. Nc3 Bc8 15. Qc1
h6 16. Bxf6 Bxf6 17. Ne2 Bb7 18. Nf4 Qf7 19. c3 c4 20. Nd4 Na5 21. Nfxe6 Bxd4
22. Nxd8 Qxf2+ 23. Kh1 Nb3 24. Rf1 Qxg2+ 25. Kxg2 Nxc1 26. Rxf8+ Kxf8 27. Rxc1
Bxe3 28. Rf1+ Ke7 29. Nxb7 d4 30. cxd4 Bxd4 31. Re1+ Kf6 32. Re2 g5 33. Nd8 h5
34. h3 Kf5 35. Ne6 Bxb2 36. Nc7 Bxa3 37. Nxa6 b4 38. Nc5 b3 39. Na4 Bb4 40. Re3
Bd2 41. Re8 c3 42. Nxc3 Bxc3 43. Rb8 b2 44. Kf3 g4+ 45. hxg4+ hxg4+ 46. Kg2 Ke4
47. Kf2 Bd4+ 48. Kg2 Kd3 49. Rb7 Kc2 50. Kf1 b1=Q+ 51. Rxb1 Kxb1 52. Ke2 Kc2 0-1

[Event "AUTO-MASTER-2159"]
[Site "http://www.queenalice.com/game.php?id=1365867"]
[Date "2015.6.16"]
[Round "2"]
[White "Zugswang"]
[Black "falekhine"]
[Result "1-0"]
[WhiteElo "2237"]
[BlackElo "2126"]

1. e4 c6 2. d4 d5 3. e5 Bf5 4. g4 Bg6 5. h4 h6 6. Bd3 Bxd3 7. Qxd3 e6 8. f4 Be7
9. Nf3 a6 10. f5 exf5 11. gxf5 c5 12. c3 Nc6 13. Nbd2 cxd4 14. cxd4 Nb4 15. Qb3
Rc8 16. Kd1 Qd7 17. a3 Nc6 18. Qd3 b5 19. b4 a5 20. Qxb5 axb4 21. axb4 Bxb4 22.
e6 fxe6 23. fxe6 Qd6 24. Ra6 Qg3 25. Rxc6 Rxc6 26. Qxc6+ Kf8 27. Qc8+ 1-0

[Event "AUTO-MASTER-2159"]
[Site "http://www.queenalice.com/game.php?id=1365868"]
[Date "2015.6.16"]
[Round "2"]
[White "falekhine"]
[Black "Zugswang"]
[Result "0-1"]
[WhiteElo "2107"]
[BlackElo "2158"]

1. d4 Nf6 2. c4 c5 3. d5 b5 4. cxb5 a6 5. e3 g6 6. Nc3 d6 7. Nf3 Bg7 8. Bd3 O-O
9. O-O axb5 10. Bxb5 Nbd7 11. Bd2 Ba6 12. a4 Bxb5 13. axb5 Qb6 14. Qb3 Ng4 15.
Rfb1 Nge5 16. Nxe5 Nxe5 17. Na4 Qb7 18. Bc3 c4 19. Qb4 Qxd5 20. Bxe5 Bxe5 21. f4
Bg7 22. Nb6 Rxa1 23. Rxa1 Qd3 24. Nxc4 d5 25. Ne5 Qxe3+ 26. Kh1 Bxe5 27. fxe5
Qxe5 28. b6 Rb8 29. b7 Qc7 30. Qd4 Qxb7 31. Rf1 Qxb2 32. Qxd5 e6 33. Qd7 Qb7 34.
Qd4 Qb2 35. Qf4 f5 36. h4 Rb4 37. Qg5 Qd4 38. g3 Rb2 39. Qf4 e5 40. Qf3 e4 41.
Qf4 Qd2 42. Qxd2 Rxd2 43. h5 Kg7 44. hxg6 hxg6 45. g4 Kf6 46. gxf5 gxf5 47. Kg1
Kg5 48. Kh1 f4 49. Rg1+ Kh4 50. Rg7 Kh3 51. Kg1 f3 52. Kf1 Rg2 53. Re7 Re2 54.
Rg7 Kh4 55. Rg8 Kh5 56. Rg3 Rh2 57. Kg1 Ra2 58. Kf1 Kh4 59. Rg8 e3 60. Rh8+ Kg5
61. Rg8+ Kh6 62. Kg1 Ra1+ 63. Kh2 e2 0-1

[Event "AUTO-MASTER-2159"]
[Site "http://www.queenalice.com/game.php?id=1365871"]
[Date "2015.6.16"]
[Round "2"]
[White "falekhine"]
[Black "tariann"]
[Result "0-1"]
[WhiteElo "2117"]
[BlackElo "2185"]

1. d4 d5 2. c4 Nf6 3. Nc3 c5 4. cxd5 Nxd5 5. e4 Nxc3 6. bxc3 e6 7. Bb5+ Bd7 8.
Bxd7+ Qxd7 9. Ne2 cxd4 10. cxd4 Bb4+ 11. Bd2 Nc6 12. Bxb4 Nxb4 13. a3 Nc6 14.
Qd2 O-O 15. O-O Rac8 16. Rfd1 Rfd8 17. Rac1 Qd6 18. d5 exd5 19. exd5 Ne5 20.
Rxc8 Rxc8 21. Ng3 Nc4 22. Qd4 Qc5 23. Qg4 Nd6 24. Nh5 g6 25. Nf6+ Kg7 26. Nd7
Qxa3 27. Qd4+ Kg8 28. Nf6+ Kg7 29. Ne8+ Kf8 30. Nxd6 Rc1 31. Qh8+ Ke7 32. Qe5+
Kd7 33. Rf1 Rxf1+ 34. Kxf1 Qxd6 35. f4 Qc5 36. g4 a5 37. Ke2 Qc2+ 38. Ke3 Qxh2
39. d6 Qg3+ 40. Kd4 Qf2+ 41. Kc4 Qa2+ 42. Kb5 Qe6 43. Kc5 Qxe5+ 44. fxe5 h5 0-1

[Event "AUTO-MASTER-2159"]
[Site "http://www.queenalice.com/game.php?id=1365872"]
[Date "2015.6.16"]
[Round "2"]
[White "tariann"]
[Black "falekhine"]
[Result "1-0"]
[WhiteElo "2195"]
[BlackElo "2096"]

1. e4 c6 2. d4 d5 3. Nc3 dxe4 4. Nxe4 Nf6 5. Nxf6+ exf6 6. Nf3 Bg4 7. Be2 Bd6 8.
O-O O-O 9. h3 Bh5 10. Re1 Nd7 11. Nh4 Bg6 12. Nxg6 hxg6 13. c4 Bb4 14. Bd2 Bxd2
15. Qxd2 f5 16. Rad1 Nf6 17. Bf3 Qc7 18. d5 cxd5 19. Bxd5 Rad8 20. Qb4 b6 21.
Re7 Rd7 22. Rde1 Nxd5 23. cxd5 Qd6 24. Qxd6 Rxd6 25. Rxa7 Rxd5 26. Rb7 Rd6 27.
a4 g5 28. Re5 g6 29. Rb5 Rd1+ 30. Kh2 Ra8 31. b3 Kg7 32. R5xb6 Re8 33. g4 fxg4
34. hxg4 Re4 35. Rb4 Re2 36. Kg3 Rd3+ 37. Kg2 Rdd2 38. Rc4 Rxf2+ 39. Kg1 Rfe2
40. Rc1 Rg2+ 41. Kh1 Rxg4 42. a5 Rd8 43. Rc2 Rd3 44. Kh2 Rd8 45. Rc3 Rh8+ 46.
Rh3 Rgh4 47. Rxh4 gxh4 48. a6 g5 49. a7 Ra8 50. b4 Rc8 51. Rb8 1-0

[Event "Só brasileiros"]
[Site "http://www.queenalice.com/game.php?id=1378738"]
[Date "2015.8.20"]
[Round "5"]
[White "falekhine"]
[Black "vivafischer"]
[Result "0-1"]
[WhiteElo "2065"]
[BlackElo "2280"]

1. d4 d5 2. c4 c6 3. e3 Nf6 4. Nc3 e6 5. Nf3 Nbd7 6. a3 Bd6 7. Bd3 O-O 8. O-O e5
9. dxe5 Nxe5 10. cxd5 cxd5 11. Be2 Nc6 12. h3 a6 13. b4 Bc7 14. b5 Ne5 15. Nd2
Qd6 16. f4 Ng6 17. Nb3 Re8 18. Nd4 Bd7 19. a4 Qc5 20. Bd2 Nxf4 21. Kh1 Nxe2 22.
Ncxe2 Ne4 23. Rc1 Qd6 24. Nf3 axb5 0-1

[Event "Challenge"]
[Site "http://www.queenalice.com/game.php?id=1381226"]
[Date "2015.9.4"]
[Round "-"]
[White "jpribeiro"]
[Black "falekhine"]
[Result "1-0"]
[WhiteElo "2012"]
[BlackElo "2084"]

1. e4 c6 2. d4 d5 3. Nd2 dxe4 4. Nxe4 Nf6 5. Nxf6+ exf6 6. Bc4 Bd6 7. Qe2+ Qe7
8. Qxe7+ Kxe7 9. Nf3 Bg4 10. Be2 Re8 11. h3 Bh5 12. c3 Kf8 13. g4 Bg6 14. Nh4
Be4 15. f3 1-0